<?xml version="1.0" encoding="UTF-8"?>
<collection xmlns="http://www.loc.gov/MARC21/slim">
 <record>
  <leader>04404nas a22006135  4500</leader>
  <controlfield tag="001">1/50319</controlfield>
  <controlfield tag="008">020723c19  9999gr qrzp           g0gre d</controlfield>
  <datafield tag="035" ind1=" " ind2=" ">
   <subfield code="l">23940</subfield>
  </datafield>
  <datafield tag="040" ind1=" " ind2=" ">
   <subfield code="a">GR-PeUP</subfield>
  </datafield>
  <datafield tag="090" ind1=" " ind2=" ">
   <subfield code="a">Αλφαβητική σειρά</subfield>
  </datafield>
  <datafield tag="245" ind1="0" ind2="0">
   <subfield code="a">Σπετσιώτικη ηχώ</subfield>
  </datafield>
  <datafield tag="260" ind1=" " ind2=" ">
   <subfield code="a">Πειραιάς :</subfield>
   <subfield code="b">Ενωση Σπετσιωτών,</subfield>
   <subfield code="c">19</subfield>
  </datafield>
  <datafield tag="300" ind1=" " ind2=" ">
   <subfield code="a">τ. ;</subfield>
   <subfield code="c">18 εκ.</subfield>
  </datafield>
  <datafield tag="310" ind1=" " ind2=" ">
   <subfield code="a">Τριμηνιαίο</subfield>
  </datafield>
  <datafield tag="362" ind1="0" ind2=" ">
   <subfield code="a">Τχ.42(Οκτ./Δεκ. 1992)-τχ.44(Απρίλ./Ιούν. 1993)</subfield>
  </datafield>
  <datafield tag="362" ind1="0" ind2=" ">
   <subfield code="a">Τχ.66(Οκτ./Δεκ. 1998)-τχ.86(Οκτ./Δεκ. 2003)</subfield>
  </datafield>
  <datafield tag="362" ind1="0" ind2=" ">
   <subfield code="a">Τχ.87(Ιαν./Μάρτ. 2004)-</subfield>
  </datafield>
  <datafield tag="546" ind1=" " ind2=" ">
   <subfield code="a">Ελληνική</subfield>
  </datafield>
  <datafield tag="650" ind1=" " ind2="4">
   <subfield code="a">Σπέτσες</subfield>
   <subfield code="v">Περιοδικά.</subfield>
  </datafield>
  <datafield tag="852" ind1=" " ind2=" ">
   <subfield code="a">INST</subfield>
   <subfield code="b">UNIPILB</subfield>
   <subfield code="c">SERIALS</subfield>
   <subfield code="e">20050825</subfield>
   <subfield code="h">Αλφαβητική σειρά</subfield>
   <subfield code="p">45512</subfield>
   <subfield code="q">45512</subfield>
   <subfield code="t">NOLOAN</subfield>
   <subfield code="v">τεύχ.92:(Μήνες)Απρ./Μάιος/Ιούν.;(Έτος)2005</subfield>
   <subfield code="y">23</subfield>
  </datafield>
  <datafield tag="852" ind1=" " ind2=" ">
   <subfield code="a">INST</subfield>
   <subfield code="b">UNIPILB</subfield>
   <subfield code="c">SERIALS</subfield>
   <subfield code="e">20051020</subfield>
   <subfield code="h">Αλφαβητική σειρά</subfield>
   <subfield code="p">47843</subfield>
   <subfield code="q">47843</subfield>
   <subfield code="t">NOLOAN</subfield>
   <subfield code="v">τεύχ.93:(Μήνες)Ιούλ./Αύγ./Σεπ.;(Έτος)2005</subfield>
   <subfield code="y">23</subfield>
  </datafield>
  <datafield tag="852" ind1=" " ind2=" ">
   <subfield code="a">INST</subfield>
   <subfield code="b">UNIPILB</subfield>
   <subfield code="c">SERIALS</subfield>
   <subfield code="e">20060201</subfield>
   <subfield code="h">Αλφαβητική σειρά</subfield>
   <subfield code="p">49899</subfield>
   <subfield code="q">49899</subfield>
   <subfield code="t">NOLOAN</subfield>
   <subfield code="v">τεύχ.94:(Μήνες)Οκτ./Νοέμ./Δεκ.;(Έτος)2005</subfield>
   <subfield code="y">23</subfield>
  </datafield>
  <datafield tag="852" ind1=" " ind2=" ">
   <subfield code="a">INST</subfield>
   <subfield code="b">UNIPILB</subfield>
   <subfield code="c">SERIALS</subfield>
   <subfield code="e">20060418</subfield>
   <subfield code="h">Αλφαβητική σειρά</subfield>
   <subfield code="p">51294</subfield>
   <subfield code="q">51294</subfield>
   <subfield code="t">NOLOAN</subfield>
   <subfield code="v">τεύχ.95:(Μήνες)Ιαν./Φεβ./Μάρ.;(Έτος)2006</subfield>
   <subfield code="y">23</subfield>
  </datafield>
  <datafield tag="852" ind1=" " ind2=" ">
   <subfield code="a">INST</subfield>
   <subfield code="b">UNIPILB</subfield>
   <subfield code="c">SERIALS</subfield>
   <subfield code="e">20100218</subfield>
   <subfield code="h">Αλφαβητική σειρά</subfield>
   <subfield code="p">66915</subfield>
   <subfield code="q">66915</subfield>
   <subfield code="t">NOLOAN</subfield>
   <subfield code="v">τεύχ.107:(Μήνες)Ιαν./Φεβ./Μάρ.;(Έτος)2009</subfield>
   <subfield code="y">23</subfield>
  </datafield>
  <datafield tag="852" ind1=" " ind2=" ">
   <subfield code="a">INST</subfield>
   <subfield code="b">UNIPILB</subfield>
   <subfield code="c">SERIALS</subfield>
   <subfield code="e">20120120</subfield>
   <subfield code="h">Αλφαβητική σειρά</subfield>
   <subfield code="p">74183</subfield>
   <subfield code="q">74183</subfield>
   <subfield code="t">NOLOAN</subfield>
   <subfield code="v">τεύχ.116:(Μήνες)Απρ./Μάιος/Ιούν.;(Έτος)2011</subfield>
   <subfield code="y">23</subfield>
  </datafield>
  <datafield tag="852" ind1=" " ind2=" ">
   <subfield code="a">INST</subfield>
   <subfield code="b">UNIPILB</subfield>
   <subfield code="c">SERIALS</subfield>
   <subfield code="e">20050121</subfield>
   <subfield code="h">Αλφαβητική σειρά</subfield>
   <subfield code="p">NB000055</subfield>
   <subfield code="q">NB000055</subfield>
   <subfield code="t">NOLOAN</subfield>
   <subfield code="v">τεύχ.86:(Μήνες)Οκτ./Νοέμ./Δεκ.;(Έτος)2004</subfield>
   <subfield code="y">23</subfield>
  </datafield>
  <datafield tag="900" ind1=" " ind2=" ">
   <subfield code="a">Τχ. 113 (Ιούλ./Αύγ./Σεπ. 2011)</subfield>
   <subfield code="b">Οφειλόμενο</subfield>
   <subfield code="c">25/01/2012</subfield>
  </datafield>
  <datafield tag="900" ind1=" " ind2=" ">
   <subfield code="a">Τχ. 91 (Ιαν./Φεβ./Μάρ. 2005)</subfield>
   <subfield code="b">Οφειλόμενο</subfield>
   <subfield code="c">10/10/2005</subfield>
  </datafield>
  <datafield tag="900" ind1=" " ind2=" ">
   <subfield code="a">Τχ. 92 (Απρ./Μάιος/Ιούν. 2006)</subfield>
   <subfield code="b">Οφειλόμενο</subfield>
   <subfield code="c">27/09/2006</subfield>
  </datafield>
  <datafield tag="900" ind1=" " ind2=" ">
   <subfield code="a">Τχ. 93 (Ιούλ./Αύγ./Σεπ. 2006)</subfield>
   <subfield code="b">Οφειλόμενο</subfield>
   <subfield code="c">18/02/2010</subfield>
  </datafield>
  <datafield tag="900" ind1=" " ind2=" ">
   <subfield code="a">Τχ. 94 (Οκτ./Νοέμ./Δεκ. 2006)</subfield>
   <subfield code="b">Οφειλόμενο</subfield>
   <subfield code="c">18/02/2010</subfield>
  </datafield>
  <datafield tag="900" ind1=" " ind2=" ">
   <subfield code="a">Τχ. 95 (Ιαν./Φεβ./Μάρ. 2007)</subfield>
   <subfield code="b">Οφειλόμενο</subfield>
   <subfield code="c">18/02/2010</subfield>
  </datafield>
  <datafield tag="900" ind1=" " ind2=" ">
   <subfield code="a">Τχ. 96 (Απρ./Μάιος/Ιούν. 2007)</subfield>
   <subfield code="b">Οφειλόμενο</subfield>
   <subfield code="c">18/02/2010</subfield>
  </datafield>
  <datafield tag="900" ind1=" " ind2=" ">
   <subfield code="a">Τχ. 97 (Ιούλ./Αύγ./Σεπ. 2007)</subfield>
   <subfield code="b">Οφειλόμενο</subfield>
   <subfield code="c">18/02/2010</subfield>
  </datafield>
  <datafield tag="900" ind1=" " ind2=" ">
   <subfield code="a">Τχ. 98 (Οκτ./Νοέμ./Δεκ. 2007)</subfield>
   <subfield code="b">Οφειλόμενο</subfield>
   <subfield code="c">18/02/2010</subfield>
  </datafield>
  <datafield tag="900" ind1=" " ind2=" ">
   <subfield code="a">Τχ. 99 (Ιαν./Φεβ./Μάρ. 2008)</subfield>
   <subfield code="b">Οφειλόμενο</subfield>
   <subfield code="c">18/02/2010</subfield>
  </datafield>
  <datafield tag="900" ind1=" " ind2=" ">
   <subfield code="a">Τχ. 100 (Απρ./Μάιος/Ιούν. 2008)</subfield>
   <subfield code="b">Οφειλόμενο</subfield>
   <subfield code="c">18/02/2010</subfield>
  </datafield>
  <datafield tag="900" ind1=" " ind2=" ">
   <subfield code="a">Τχ. 101 (Ιούλ./Αύγ./Σεπ. 2008)</subfield>
   <subfield code="b">Οφειλόμενο</subfield>
   <subfield code="c">18/02/2010</subfield>
  </datafield>
  <datafield tag="900" ind1=" " ind2=" ">
   <subfield code="a">Τχ. 102 (Οκτ./Νοέμ./Δεκ. 2008)</subfield>
   <subfield code="b">Οφειλόμενο</subfield>
   <subfield code="c">18/02/2010</subfield>
  </datafield>
  <datafield tag="900" ind1=" " ind2=" ">
   <subfield code="a">Τχ. 104 (Απρ./Μάιος/Ιούν. 2009)</subfield>
   <subfield code="b">Οφειλόμενο</subfield>
   <subfield code="c">18/02/2010</subfield>
  </datafield>
  <datafield tag="900" ind1=" " ind2=" ">
   <subfield code="a">Τχ. 105 (Ιούλ./Αύγ./Σεπ. 2009)</subfield>
   <subfield code="b">Οφειλόμενο</subfield>
   <subfield code="c">18/02/2010</subfield>
  </datafield>
  <datafield tag="900" ind1=" " ind2=" ">
   <subfield code="a">Τχ. 106 (Οκτ./Νοέμ./Δεκ. 2009)</subfield>
   <subfield code="b">Οφειλόμενο</subfield>
   <subfield code="c">11/04/2010</subfield>
  </datafield>
  <datafield tag="900" ind1=" " ind2=" ">
   <subfield code="a">Τχ. 107 (Ιαν./Φεβ./Μάρ. 2010)</subfield>
   <subfield code="b">Οφειλόμενο</subfield>
   <subfield code="c">07/07/2010</subfield>
  </datafield>
  <datafield tag="900" ind1=" " ind2=" ">
   <subfield code="a">Τχ. 108 (Απρ./Μάιος/Ιούν. 2010)</subfield>
   <subfield code="b">Οφειλόμενο</subfield>
   <subfield code="c">05/10/2010</subfield>
  </datafield>
  <datafield tag="900" ind1=" " ind2=" ">
   <subfield code="a">Τχ. 109 (Ιούλ./Αύγ./Σεπ. 2010)</subfield>
   <subfield code="b">Οφειλόμενο</subfield>
   <subfield code="c">25/01/2012</subfield>
  </datafield>
  <datafield tag="900" ind1=" " ind2=" ">
   <subfield code="a">Τχ. 110 (Οκτ./Νοέμ./Δεκ. 2010)</subfield>
   <subfield code="b">Οφειλόμενο</subfield>
   <subfield code="c">25/01/2012</subfield>
  </datafield>
  <datafield tag="900" ind1=" " ind2=" ">
   <subfield code="a">Τχ. 111 (Ιαν./Φεβ./Μάρ. 2011)</subfield>
   <subfield code="b">Οφειλόμενο</subfield>
   <subfield code="c">25/01/2012</subfield>
  </datafield>
  <datafield tag="950" ind1=" " ind2=" ">
   <subfield code="a">01/10/2004</subfield>
   <subfield code="c">ΔΩΡΕΑ ΠΕΡΙΟΔΙΚΩΝ</subfield>
   <subfield code="d">178</subfield>
  </datafield>
  <datafield tag="951" ind1=" " ind2=" ">
   <subfield code="a">Τχ. 116 (Απρ./Μάιος/Ιούν. 2011)</subfield>
   <subfield code="b">Main run</subfield>
  </datafield>
  <datafield tag="951" ind1=" " ind2=" ">
   <subfield code="a">Τχ.42(Οκτ./Δεκ. 1992) -  (τχ.44(Απρίλ./Ιούν. 1993)</subfield>
   <subfield code="b">Main run</subfield>
  </datafield>
  <datafield tag="951" ind1=" " ind2=" ">
   <subfield code="a">Τχ.66(Οκτ./Δεκ. 1998) -  (τχ.90(Οκτ./Δεκ. 2004)</subfield>
   <subfield code="b">Main run</subfield>
  </datafield>
  <datafield tag="951" ind1=" " ind2=" ">
   <subfield code="a">Τχ. 92 (Απρ./Μάιος/Ιούν. 2005) - Τχ. 95 (Ιαν./Φεβ./Μάρ. 2006)</subfield>
   <subfield code="b">Main run</subfield>
  </datafield>
  <datafield tag="951" ind1=" " ind2=" ">
   <subfield code="a">Τχ. 107 (Ιαν./Φεβ./Μάρ. 2009)</subfield>
   <subfield code="b">Main run</subfield>
  </datafield>
  <datafield tag="952" ind1=" " ind2=" ">
   <subfield code="a">(76)2001</subfield>
  </datafield>
 </record>
</collection>
